书目信息 |
| 题名: |
HTML 5和CSS 3编程从基础到应用
|
|
| 作者: | 祝红涛 , 赵喜来 编著 | |
| 分册: | ||
| 出版信息: | 北京 清华大学出版社 2014 |
|
| 页数: | 463页 | |
| 开本: | 26cm | |
| 丛书名: | 从基础到应用 | |
| 单 册: | ||
| 中图分类: | TP312HT , TP393.092 , TP312 | |
| 科图分类: | ||
| 主题词: | 超文本标记语言--Chao Wen Ben Biao Ji Yu Yan--程序设计--教材 , 网页制作工具--Wang Ye Zhi Zuo Gong Ju--教材 | |
| 电子资源: | ||
| ISBN: | 978-7-302-31799-9 | |
| 000 | 01477nam 2200325 450 | |
| 001 | 1657174828 | |
| 005 | 20140328143543.3 | |
| 010 | @a978-7-302-31799-9@dCNY59.00 | |
| 010 | @a978-7-89414-754-7@b光盘 | |
| 100 | @a20140328d2014 em y0chiy0120 ea | |
| 101 | 0 | @achi |
| 102 | @aCN@b110000 | |
| 105 | @aak z 000yy | |
| 106 | @ar | |
| 200 | 1 | @aHTML 5和CSS 3编程从基础到应用@AHTML 5 He CSS 3 Bian Cheng Cong Ji Chu Dao Ying Yong@f祝红涛, 赵喜来编著 |
| 210 | @a北京@c清华大学出版社@d2014 | |
| 215 | @a463页@c图@d26cm@e光盘1片 | |
| 225 | 2 | @a从基础到应用@ACong Ji Chu Dao Ying Yong |
| 330 | @a本书从初学者的角度出发,以通俗易懂的语言,配合丰富多彩的实例,详细介绍了使用HTML 5与CSS 3进行Web设计应该掌握的各方面知识。主要内容包括:主流浏览器对HTML 5的支持情况、HTML 5与HTML 4在语法上的区别、结构元素、表单与文件、图形绘制、多媒体播放,还详细介绍CSS 3的相关知识,像选择器、文字与字体样式、颜色样式、盒样式、背景与边框样式、变形处理、多媒体和动画等内容。 | |
| 333 | @a本书适合HTML 5与CSS 3的初学者以及在校学生、程序设计爱好者、各大中专院校的在校学生以及相关授课老师使用阅读。 | |
| 410 | 0 | @12001 @a从基础到应用 |
| 606 | 0 | @a超文本标记语言@AChao Wen Ben Biao Ji Yu Yan@x程序设计@j教材 |
| 606 | 0 | @a网页制作工具@AWang Ye Zhi Zuo Gong Ju@j教材 |
| 690 | @aTP312HT@v5 | |
| 690 | @aTP393.092@v5 | |
| 690 | @aTP312@v4 | |
| 701 | 0 | @a祝红涛@AZhu Hong Tao@4编著 |
| 701 | 0 | @a赵喜来@AZhao Xi Lai@4编著 |
| 801 | 0 | @aCN@b江苏新华@c20150511 |
| 905 | @aBZT@dTP312@e151 | |
| HTML 5和CSS 3编程从基础到应用/祝红涛, 赵喜来编著.-北京:清华大学出版社,2014 |
| 463页:图;26cm+光盘1片.-(从基础到应用) |
| 使用对象:本书适合HTML 5与CSS 3的初学者以及在校学生、程序设计爱好者、各大中专院校的在校学生以及相关授课老师使用阅读。 |
| ISBN 978-7-302-31799-9:CNY59.00 |
| 本书从初学者的角度出发,以通俗易懂的语言,配合丰富多彩的实例,详细介绍了使用HTML 5与CSS 3进行Web设计应该掌握的各方面知识。主要内容包括:主流浏览器对HTML 5的支持情况、HTML 5与HTML 4在语法上的区别、结构元素、表单与文件、图形绘制、多媒体播放,还详细介绍CSS 3的相关知识,像选择器、文字与字体样式、颜色样式、盒样式、背景与边框样式、变形处理、多媒体和动画等内容。 |
| ● |
| 相关链接 |
|
|
|
正题名:HTML 5和CSS 3编程从基础到应用
索取号:TP312/151
 
预约/预借
| 序号 | 登录号 | 条形码 | 馆藏地/架位号 | 状态 | 备注 |
| 1 | 796615 | 2000796615 | 第二书库/ [索取号:TP312/151] | 在馆 | |
| 2 | 796616 | 2000796616 | 第二书库/ [索取号:TP312/151] | 在馆 | |
| 3 | 796617 | 2000796617 | 第二书库/ [索取号:TP312/151] | 在馆 |